[Event "Oberliga Ost-A 2122"]
[Site "Germany"]
[Date "2022.06.18"]
[Round "4.8"]
[White "Weitz, Andreas"]
[Black "Scheibe, Axel"]
[Result "1/2-1/2"]
[WhiteElo "1917"]
[BlackElo "2167"]
[PlyCount "92"]
[EventDate "2021.10.10"]
[EventType "team-tourn"]
[EventRounds "11"]
[EventCountry "GER"]
[SourceTitle "EXT 2023"]
[Source "ChessBase"]
[SourceDate "2022.10.05"]
[SourceVersion "1"]
[SourceVersionDate "2022.10.05"]
[SourceQuality "1"]
[WhiteTeam "Magdeburg Rochade"]
[BlackTeam "Leipzig SG"]
[WhiteTeamCountry "GER"]
[BlackTeamCountry "GER"]

1. d4 c5 2. d5 e5 3. c4 d6 4. Nc3 Be7 5. e4 Bg5 6. Bd3 Bxc1 7. Qxc1 Nd7 8. Nge2 Ngf6 9. Ng3 0-0 10. Qg5 h6 11. Qh4 Qb6 12. Rb1 Re8 13. 0-0 Nf8 14. Nh5 N6h7 15. Qg3 Ng6 16. f4 exf4 17. Rxf4 Re5 18. Rf5 Bxf5 19. exf5 Nhf8 20. fxg6 Rxh5 21. gxf7+ Kh8 22. Ne4 Rd8 23. b3 Qc7 24. Rf1 Qe7 25. h3 Re5 26. Qf3 Nd7 27. Qg4 h5 28. Qf3 Rf8 29. Qg3 Nf6 30. Nxf6 gxf6 31. Qg6 Rxf7 32. Qh6+ Kg8 33. Bf5 Rg7 34. Be6+ Rxe6 35. dxe6 Qxe6 36. Qxh5 Qe3+ 37. Kh1 Rg5 38. Qf3 Qd2 39. Rf2 Qe1+ 40. Kh2 Qe5+ 41. Qf4 Kg7 42. g3 Rg6 43. h4 a6 44. Qf3 Kh6 45. Qf4+ Kg7 46. Qf3 Kh6 1/2-1/2

[Event "Oberliga Ost-A 2122"]
[Site "Germany"]
[Date "2022.05.01"]
[Round "3.8"]
[White "Hutsch, Oliver"]
[Black "Weitz, Andreas"]
[Result "1/2-1/2"]
[WhiteElo "2142"]
[BlackElo "1917"]
[PlyCount "42"]
[EventDate "2021.10.10"]
[EventType "team-tourn"]
[EventRounds "11"]
[EventCountry "GER"]
[SourceTitle "EXT 2023"]
[Source "ChessBase"]
[SourceDate "2022.10.05"]
[SourceVersion "1"]
[SourceVersionDate "2022.10.05"]
[SourceQuality "1"]
[WhiteTeam "Dresden Gruen Weiss"]
[BlackTeam "Magdeburg Rochade"]
[WhiteTeamCountry "GER"]
[BlackTeamCountry "GER"]

1. d4 d5 2. Nf3 c6 3. g3 Nf6 4. Bg2 Bf5 5. 0-0 h6 6. Nbd2 e6 7. c3 Nbd7 8. Ne1 e5 9. dxe5 Nxe5 10. Ndf3 Nxf3+ 11. Nxf3 Bc5 12. Nd4 Bh7 13. Be3 Bb6 14. a4 0-0 15. Qb3 c5 16. Nf3 Qe7 17. Qa3 Ng4 18. Bd2 a6 19. h3 Nf6 20. Be3 Rfe8 21. Rad1 Rad8 1/2-1/2

[Event "Sachsen-Anhalt-ch 30th"]
[Site "Magdeburg"]
[Date "2020.10.24"]
[Round "5.6"]
[White "Weitz, Andreas"]
[Black "Kottke, Steffen"]
[Result "1-0"]
[WhiteElo "1909"]
[BlackElo "1952"]
[PlyCount "99"]
[EventDate "2020.10.22"]
[EventType "swiss"]
[EventRounds "7"]
[EventCountry "GER"]
[SourceTitle "EXT 2022"]
[Source "ChessBase"]
[SourceDate "2021.10.06"]
[SourceVersion "1"]
[SourceVersionDate "2021.10.06"]
[SourceQuality "1"]

1. d4 d5 2. c4 e5 3. dxe5 d4 4. Nf3 Nc6 5. g3 Be6 6. Nbd2 Qd7 7. Bg2 Be7 8. 0-0 h5 9. h4 Bh3 10. a3 Bxg2 11. Kxg2 0-0-0 12. Ne4 Qe6 13. Qa4 f6 14. Rd1 Kb8 15. Qc2 Nxe5 16. Rxd4 Rxd4 17. Nxd4 Qxc4 18. Qxc4 Nxc4 19. f4 Kc8 20. b3 Nd6 21. Kf3 Kd7 22. Nc5+ Kc8 23. Nce6 Ne8 24. Bb2 Kd7 25. b4 Nh6 26. e4 Nf7 27. Rd1 Rg8 28. f5 Ne5+ 29. Kf2 Nd6 30. Nb5 c6 31. Nxd6 Bxd6 32. Bxe5 fxe5 33. Ng5 Ke7 34. Kf3 a5 35. bxa5 Ra8 36. Rb1 Ra7 37. Rb3 Bc7 38. Ne6 Bxa5 39. Nxg7 b5 40. Nxh5 Rb7 41. g4 c5 42. g5 c4 43. Rb1 c3 44. Nf6 Kd6 45. Nd5 Kc5 46. g6 Kc4 47. Ke2 Bd8 48. Rb4+ Kc5 49. Nxc3 Ba5 50. Rxb5+ 1-0

[Event "Oberliga Ost-A 1920"]
[Site "Germany"]
[Date "2020.01.18"]
[Round "6.8"]
[White "Weitz, Andreas"]
[Black "Kubikova, Hana"]
[Result "1/2-1/2"]
[WhiteElo "1912"]
[BlackElo "2059"]
[PlyCount "43"]
[EventDate "2019.09.29"]
[EventType "team-tourn"]
[EventRounds "11"]
[EventCountry "GER"]
[SourceTitle "EXT 2021"]
[Source "ChessBase"]
[SourceDate "2020.10.23"]
[SourceVersion "1"]
[SourceVersionDate "2020.10.23"]
[SourceQuality "1"]
[WhiteTeam "Magdeburg Rochade"]
[BlackTeam "Aue Nickelhuette II"]
[WhiteTeamCountry "GER"]
[BlackTeamCountry "GER"]

1. d4 Nf6 2. c4 e6 3. Nc3 d5 4. Nf3 Be7 5. Bg5 Nbd7 6. e3 0-0 7. Rc1 c6 8. cxd5 Nxd5 9. Bxe7 Qxe7 10. Be2 Nxc3 11. bxc3 c5 12. 0-0 b6 13. Qb3 Bb7 14. Rfd1 Rfd8 15. h3 h6 16. a4 Rab8 17. Qa3 e5 18. d5 e4 19. Ne1 Ne5 20. c4 Rd6 21. f3 exf3 22. Nxf3 1/2-1/2

[Event "Sachsen-Anhalt Landesliga-A 1920"]
[Site "Sachsen Anhalt"]
[Date "2019.10.20"]
[Round "2.8"]
[White "Rickmann, David"]
[Black "Weitz, Andreas"]
[Result "1-0"]
[WhiteElo "1767"]
[BlackElo "1902"]
[PlyCount "103"]
[EventDate "2019.09.29"]
[EventType "team-tourn"]
[EventRounds "9"]
[EventCountry "GER"]
[SourceTitle "EXT 2023"]
[Source "ChessBase"]
[SourceDate "2022.10.05"]
[SourceVersion "1"]
[SourceVersionDate "2022.10.05"]
[SourceQuality "1"]
[WhiteTeam "Magdeburg Aufbau Elbe III"]
[BlackTeam "Magdeburg Rochade II"]
[WhiteTeamCountry "GER"]
[BlackTeamCountry "GER"]

1. e4 c5 2. Nc3 Nc6 3. f4 d6 4. Nf3 a6 5. g3 e6 6. Bg2 Nf6 7. d3 Be7 8. 0-0 0-0 9. Kh1 Rb8 10. Be3 d5 11. Bg1 d4 12. Ne2 Qb6 13. Rb1 Rd8 14. Bh3 Qa5 15. a3 b5 16. g4 Ne8 17. g5 f6 18. gxf6 gxf6 19. Ng3 Ng7 20. Ne1 Kh8 21. f5 e5 22. Bf2 Rg8 23. Rg1 Bd7 24. Nf3 Be8 25. Nh4 Bf7 26. Qc1 Ne8 27. Ng6+ Bxg6 28. fxg6 Rxg6 29. Bf5 Bf8 30. Bxg6 hxg6 31. Qf1 Ng7 32. Qh3+ Kg8 33. Be1 Qd8 34. Bd2 Ne7 35. Rbf1 Qd6 36. Rf2 Qc6 37. Rfg2 Qc8 38. Qxc8 Rxc8 39. Bh6 Kf7 40. Bxg7 Bxg7 41. Nf5 Nxf5 42. exf5 g5 43. b3 Bf8 44. Rb1 a5 45. a4 b4 46. Rg4 Bh6 47. Kg2 Rh8 48. h4 gxh4 49. Rxh4 Rg8+ 50. Kf3 Bf4 51. Rh7+ Kf8 52. Rbh1 1-0

[Event "GER-chT Laender Seniors 50+"]
[Site "Templin"]
[Date "2018.09.13"]
[Round "4.3"]
[White "Weitz, Andreas"]
[Black "Fritsch, Rolf"]
[Result "0-1"]
[WhiteElo "1880"]
[BlackElo "2205"]
[PlyCount "102"]
[EventDate "2018.09.10"]
[EventType "team-tourn"]
[EventRounds "7"]
[EventCountry "GER"]
[SourceTitle "EXT 2020"]
[Source "ChessBase"]
[SourceDate "2019.10.17"]
[SourceVersion "1"]
[SourceVersionDate "2019.10.17"]
[SourceQuality "1"]
[WhiteTeam "Sachsen Anhalt"]
[BlackTeam "Wuerttemberg"]
[WhiteTeamCountry "GER"]
[BlackTeamCountry "GER"]

1. d4 g6 2. c4 Bg7 3. Nc3 d6 4. e4 Nf6 5. f3 e5 6. dxe5 dxe5 7. Qxd8+ Kxd8 8. Be3 c6 9. 0-0-0+ Kc7 10. g4 h5 11. g5 Nfd7 12. h4 Na6 13. a3 Nac5 14. Kc2 Ne6 15. Nge2 a5 16. Bh3 Re8 17. Bxe6 Rxe6 18. Rhf1 a4 19. f4 exf4 20. Bxf4+ Be5 21. Be3 Re7 22. Rf2 Ra5 23. Rdf1 Bxc3 24. Nxc3 Ne5 25. Bd2 Rc5 26. Nxa4 Rxc4+ 27. Nc3 Bh3 28. Re1 Rd4 29. Bf4 Kd6 30. b4 Rc4 31. Rd1+ Ke6 32. Rfd2 Rd7 33. Rxd7 Nxd7 34. Kd3 b5 35. Rb1 Ne5+ 36. Bxe5 Kxe5 37. a4 Rd4+ 38. Ke3 bxa4 39. b5 Bc8 40. bxc6 Ba6 41. Rd1 Rxd1 42. Nxd1 a3 43. Nc3 Kd6 44. Kd4 Kxc6 45. Na2 Bc8 46. Kc3 Kd6 47. Nb4 Ke5 48. Kb3 Kxe4 49. Kxa3 Kf3 50. Nc6 Kg3 51. Ne5 Be6 0-1

[Event "Sachsen-Anhalt Verbandsliga 2017/18"]
[Site "Sachsen Anhalt"]
[Date "2018.04.15"]
[Round "9.6"]
[White "Muenzberg, Stephan"]
[Black "Weitz, Andreas"]
[Result "1/2-1/2"]
[WhiteElo "1912"]
[BlackElo "1879"]
[PlyCount "101"]
[EventDate "2017.12.22"]
[EventType "team-tourn"]
[EventRounds "9"]
[EventCountry "GER"]
[SourceTitle "EXT 2020"]
[Source "ChessBase"]
[SourceDate "2019.10.17"]
[SourceVersion "1"]
[SourceVersionDate "2019.10.17"]
[SourceQuality "1"]
[WhiteTeam "Loeberitz II"]
[BlackTeam "Magdeburg Rochade II"]
[WhiteTeamCountry "GER"]
[BlackTeamCountry "GER"]

1. e4 c6 2. d4 d5 3. Nc3 dxe4 4. Nxe4 Bf5 5. Ng3 Bg6 6. h4 h6 7. Nf3 Nd7 8. Bc4 Ngf6 9. Qe2 e6 10. Bf4 Nd5 11. Bxd5 cxd5 12. 0-0 Rc8 13. Rac1 Be7 14. h5 Bh7 15. Rfe1 0-0 16. Ne5 Nf6 17. Nf1 Bb4 18. c3 Bd6 19. Nd2 a6 20. g4 Ne4 21. Qe3 Ng5 22. Bg3 Re8 23. f4 Ne4 24. Nxe4 Bxe4 25. Qf2 f6 26. Ng6 Qc7 27. c4 Bxg6 28. hxg6 dxc4 29. Kh2 b5 30. Re3 Qc6 31. Rce1 Bb4 32. R1e2 Re7 33. f5 e5 34. dxe5 Bc5 35. exf6 gxf6 36. Rxe7 Bxf2 37. Bxf2 Rc7 38. R7e6 Qf3 39. Bc5 Qf4+ 40. Kh3 Qf3+ 41. Kh4 Qxe2 42. Rxe2 Rxc5 43. Re6 b4 44. Kh5 c3 45. Kxh6 Rc8 46. bxc3 bxc3 47. Re1 c2 48. Rc1 Rc3 49. g7 Kf7 50. g8Q+ Kxg8 51. Kg6 1/2-1/2

[Event "Rheinland Pfalz op 9th"]
[Site "Lambsheim"]
[Date "2017.06.17"]
[Round "6"]
[White "Schwarzkopf, Robert"]
[Black "Weitz, Andreas"]
[Result "0-1"]
[WhiteElo "1500"]
[BlackElo "1797"]
[PlyCount "80"]
[EventDate "2017.06.15"]
[EventType "swiss"]
[EventRounds "7"]
[EventCountry "GER"]
[SourceTitle "CBM 178 Extra"]
[Source "ChessBase"]
[SourceDate "2017.06.22"]
[SourceVersion "1"]
[SourceVersionDate "2017.06.22"]
[SourceQuality "1"]

1. c4 e5 2. e4 Nf6 3. Nc3 Bc5 4. Nf3 Nc6 5. d3 d6 6. Be2 0-0 7. 0-0 h6 8. Na4 Nd4 9. Nxc5 dxc5 10. Nxd4 cxd4 11. h3 Bd7 12. b3 a5 13. Bb2 c5 14. a4 b6 15. f4 Qc7 16. Bc1 Rfe8 17. fxe5 Qxe5 18. Bf4 Qe6 19. Bf3 Bc6 20. Bg3 g6 21. Re1 h5 22. e5 Nd7 23. Bxc6 Qxc6 24. Ra2 Re6 25. Rae2 Rae8 26. Re4 f5 27. exf6 Kf7 28. Rxe6 Rxe6 29. Rxe6 Qxe6 30. Bh4 Qe3+ 31. Kh1 Ne5 32. Qe1 Qxe1+ 33. Bxe1 Kxf6 34. h4 Kf5 35. Bd2 Nxd3 36. Bg5 Nf4 37. Bd8 d3 38. Bxb6 d2 39. Bxa5 d1Q+ 40. Kh2 Qe2 0-1